000 01275nam a2200253Ia 4500
003 Ost
005 20260507075251.0
008 260507s9999||||xx |||||||||||||| ||und||
020 _a39001199579
040 _cfsecg
041 _aara
082 _a330
100 _aالمعاني، ايمن عودة
_eمؤلف
245 0 _aالإدارة العامة الحديثة /
_c ايمن عودة المعاني
260 _aعمان:
_bدار وائل,
_c2010
300 _a307 صفحة؛
_bإيضاحات ؛
_c24 سم
504 _aمراجع ص.287 ؛ معجم المصطلحات ص.263
520 _aمفاهيم أساسية حول الادارة العامة ، البيروقراطية في الادارة العامة ، التنظيم الاداري للدولة ، نشأة و تطور القطاع العام ، التخاصية ، اعادة هندسة نظم العمل ، التمكين الاداري و ادارة الجودة الشاملة ، ادارة المعرفة ، الحكامانية و الحكومة الالكترونية ، اعادة اختراع الحكومة .
653 _aالادارة العامة
653 _aالإدارة- تكنولوجيا
653 _aالتطوير
653 _aالتنظيم
942 _cكتاب
999 _c43690
_d43690